| 000 | 01151nac a22002171u 4500 | ||
|---|---|---|---|
| 008 | 100810s1973 le|||||r|||| 001 0dara d | ||
| 082 |
_a269.92 _bت ف ت |
||
| 100 |
_aالتفتازاني ، أبو الوفا الغنيمي _917364 _cأستاذ الفلسفة الإسلامية والتصوف بكلية الآداب بجامعة القاهرة |
||
| 245 |
_aابن سبعين و فلسفة الصوفية / _cأبو الوفا الغنيمي التفتازاني |
||
| 260 |
_aبيروت : _bدار الكتاب اللبناني ، _c1973 |
||
| 300 |
_a542 ص ؛ _c24 سم. |
||
| 504 | _aيحتوي علي ببيلوجرافية :ص475-496 وكشافات | ||
| 511 | _aCatalogued by: Sara | ||
| 541 |
_aألف باء ؛ _cشراء ؛ |
||
| 600 |
_917392 _aابن سبعين، _qعبد الحق بن ابراهيم بن نصر بن محمد |
||
| 650 | _917366 | ||
| 650 |
_aالمتصوفون _916077 |
||
| 650 | _916733 | ||
| 942 |
_cBB _k269.92ت ف ت _2ddc |
||
| 999 |
_c7231 _d7231 |
||